| 000 | 00886nam a2200241 i 4500 | ||
|---|---|---|---|
| 001 | 96358 | ||
| 003 | ES-MaACL | ||
| 005 | 20240420063036.0 | ||
| 007 | t| | ||
| 008 | 050616s1971 sp |||| | spa d | ||
| 080 | _a860.09"18/19"(04) | ||
| 100 | 1 |
_aMainer, José-Carlos, _d1944- _975599 |
|
| 245 | 1 | 0 |
_aLiteratura y pequeña burguesía en España : _b(notas 1890-1950) / _cJosé-Carlos Mainer. |
| 260 |
_aMadrid : _bCuadernos para el Diálogo, _c1971. |
||
| 300 |
_a277 p. ; _c18 cm. |
||
| 490 | 1 |
_aDivulgación universitaria. Literatura ; _v42 |
|
| 650 | 0 | 4 |
_aLiteratura española- _yS.XIX- _xHistoria y crítica. _914568 |
| 650 | 4 |
_aLiteratura española- _yS.XX- _xHistoria y crítica. _9141686 |
|
| 710 | 2 |
_aCuadernos para el Diálogo. _93333 |
|
| 830 | 1 |
_aDivulgación universitaria. Literatura ; _v42 _9181803 |
|
| 852 |
_aES-MaACL _jC-43847 |
||
| 999 |
_c96358 _d96358 |
||